| 000 | 00633nam a2200181 a 4500 | ||
|---|---|---|---|
| 005 | 20140310183435.0 | ||
| 008 | 080121s19uu xx 00 eng d | ||
| 020 | _a9781845426552 | ||
| 050 |
_aHD 2755.5 _b.H372 2004 |
||
| 245 |
_aHandbook of research on international entrepreneurship / _cedited by Leo-Paul Dana. |
||
| 260 |
_aCheltenham, United Kingdom : _bEdward Elgar, _c2004. |
||
| 300 |
_a822 p. : _c26 cm. |
||
| 521 | _aBSBA | ||
| 650 |
_aInternational business enterprises _xResearch _xHandbooks, manuals, etc. |
||
| 650 |
_aEntrepreneurship _xResearch _xHandbooks, manuals, etc. |
||
| 942 |
_cBK _2lcc _kFOR |
||
| 999 |
_c22822 _d22822 |
||